[Event "HCL-A2505"]
[Site "www.playchess.de"]
[Date "2006.01.01"]
[Round "16"]
[White "jjn2"]
[Black "cabe"]
[WhiteElo "1741"]
[BlackElo "1415"]
[PlyCount "53"]
[Result "1-0"]

1.d4 Nf6 {Hello from Amsterdam. Have a nice game!} 
 2.c4 {Greetings from aarhus Denmark}  g6 3.Nc3 
Bg7 4.e4 d6 5.Be2 O-O 6.Nf3 Nc6 7.d5 Ne5 8.Nxe5 
dxe5 9.O-O Nd7 10.Qd3 Nc5 11.Qg3 h6 12.Be3 Qd6 
13.Nb5 Qb6 14.b4 Nxe4 15.Qh4 Qf6 16.Qxe4 Bf5 
17.Qf3 e4 18.Qg3 Qb2 19.Rfe1 Be5 20.Qh4 a6 21.Rab1 
Qxa2 22.Nd4 Bxd4 23.Bxd4 Kh7 24.Qxe7 c5 25.bxc5 e3 
26.Qf6 Rfg8 {Happy Newyear!}  27.Qxf7+ {Best 
wishes for 2006! John}  1-0

[Event "HCL-M858"]
[Site "www.playchess.de"]
[Date "2006.01.01"]
[Round "3"]
[White "dorge"]
[Black "treebeard"]
[WhiteElo "1979"]
[BlackElo "1644"]
[PlyCount "73"]
[Result "1-0"]

1.d4 {good luck}  d5 {thx and same to you}  2.Bf4 
Bg4 3.c3 Nd7 4.Qb3 Nb6 5.a4 Rb8 6.a5 Nc4 7.e4 b5 
8.axb6 Nxb6 9.Bb5+ Bd7 10.Rxa7 Bxb5 11.Qxb5+ Nd7 
12.Qxd5 Rxb2 13.Nd2 e6 14.Qa5 Bd6 15.e5 Be7 
16.Qxc7 Qxc7 17.Rxc7 h6 18.Rc8+ Bd8 19.Nc4 Rb1+ 
20.Kd2 f6 21.Nd6+ Ke7 22.Rxd8 Kxd8 {near the end!} 
 23.Nf7+ {yes but I cannot see the finish yet}  
Ke8 24.Nxh8 Ne7 25.exf6 Nxf6 26.Kd3 Kf8 27.Bd6 Ng4 
28.h3 Nxf2+ 29.Kc2 Rf1 30.Rh2 Rxg1 31.Ng6+ Kf7 
32.Nxe7 Nd1 33.g4 Ne3+ 34.Kd3 Nd5 35.Rf2+ Ke8 
36.Ng6 Rg3+ 37.Bxg3 {ooops}  1-0

[Event "HCL-A2492"]
[Site "www.playchess.de"]
[Date "2006.01.01"]
[Round "8"]
[White "Snillie"]
[Black "James_HH"]
[WhiteElo "1513"]
[BlackElo "1576"]
[PlyCount "58"]
[Result "0-1"]

1.c4 Nf6 {Good luck.}  2.g3 c6 3.Bg2 d5 4.Nf3 dxc4 
5.Qc2 b5 6.b3 cxb3 7.axb3 Bb7 8.Ba3 a5 9.Ne5 Qc7 
10.d4 b4 11.Bb2 e6 12.Nd2 Be7 13.Rc1 Ra6 14.O-O 
O-O 15.e4 Rc8 16.Rfd1 c5 17.Bf1 Rd6 18.Ndc4 Rdd8 
19.Rca1 Bxe4 20.Qe2 cxd4 21.Bxd4 Nbd7 22.Rxa5 Nxe5 
23.Bxe5 Qc6 24.Ra7 Rxd1 25.Qxd1 Bc5 26.Ra1 Bf3 
27.Qd2 Ng4 28.Bd4 Rd8 {Happy New Year.}  29.Na5 
Qc7 0-1

[Event "HCL-A2494"]
[Site "www.playchess.de"]
[Date "2006.01.01"]
[Round "12"]
[White "Spotsychess"]
[Black "Snillie"]
[WhiteElo "1533"]
[BlackElo "1513"]
[PlyCount "100"]
[Result "1/2-1/2"]

1.e4 d6 2.Nc3 Nf6 3.d3 g6 4.Be2 Bg7 5.Nf3 Nc6 
6.O-O O-O 7.a3 e5 8.Be3 Ng4 9.h3 Nxe3 10.fxe3 f5 
11.exf5 Bxf5 12.e4 Be6 13.Rb1 h6 14.Nh4 Kh7 15.Nf3 
{you should have taken my knight}  Qe7 {you're 
right !!!!}  16.Nd5 Qd7 17.Kh2 Rf7 18.c4 Raf8 
19.b4 Ne7 20.Qc2 c6 21.Nxe7 Qxe7 22.Rbd1 Qf6 
23.Qd2 Qf4+ 24.Qxf4 R7xf4 25.a4 g5 26.Nd2 g4 
27.Rxf4 Rxf4 28.hxg4 Bxg4 29.Bxg4 Rxg4 30.g3 Bf6 
31.Rf1 Kg7 32.Nb3 b6 33.c5 d5 34.Kh3 h5 35.Rf5 Kg6 
36.a5 bxc5 37.Nxc5 Rg5 38.Rf3 Be7 39.exd5 cxd5 
40.d4 e4 41.Rb3 Rf5 42.Ne6 Bd6 43.Kg2 Rf7 44.b5 
Rd7 45.b6 axb6 46.Rxb6 Kf6 47.Nf4 Kg5 48.Nxd5 Bxg3 
49.Nc3 Rxd4 50.Nxe4+ Rxe4 {(offering draw)} 
 1/2-1/2

[Event "HCL-C3938"]
[Site "www.playchess.de"]
[Date "2006.01.01"]
[Round "2"]
[White "ShaiMaster"]
[Black "jamesh"]
[WhiteElo "800"]
[BlackElo "800"]
[PlyCount "55"]
[Result "1-0"]

1.e4 e5 2.Qf3 Nh6 3.Bc4 Nc6 4.Ne2 Na5 5.d3 Bb4+ 
6.c3 Bc5 7.Bxh6 Qe7 8.Bxg7 Rg8 9.Bxe5 Rf8 10.Bf6 
Qd6 11.b4 Bxb4 12.cxb4 Qxb4+ 13.Bc3 b5 14.Bxb4 d6 
15.Bxb5+ Bd7 16.Bxd7+ Kxd7 17.Bxa5 Rab8 18.Qf5+ 
Ke7 19.Nd4 c5 20.Nc6+ Ke8 21.Nxb8 Rg8 22.Qc8+ Ke7 
23.Nc6+ Kf6 24.Bc3+ Kg6 25.Qxg8+ Kh6 26.f4 f6 
27.Qf8+ Kh5 28.Qxf6 1-0

[Event "HCL-C3917"]
[Site "www.playchess.de"]
[Date "2006.01.01"]
[Round "12"]
[White "Milosforman"]
[Black "Grunert"]
[WhiteElo "1003"]
[BlackElo "1048"]
[PlyCount "60"]
[Result "0-1"]

1.d4 d5 2.Nf3 e6 3.Bg5 Nf6 4.Nc3 h6 5.Bh4 g5 6.Bg3 
Bg7 7.e3 O-O 8.Bd3 Nc6 9.a3 Bd7 10.h3 a6 11.O-O 
Qe7 12.Bxc7 Rac8 13.Be5 Nxe5 14.Nxe5 Be8 15.Ng4 
Nxg4 16.Qxg4 Bd7 17.e4 dxe4 18.Nxe4 Bxd4 19.c3 Bg7 
20.f4 gxf4 21.Rxf4 e5 22.Nf6+ Kh8 23.Nh5 Bxg4 
24.Rxg4 Rfg8 25.Nxg7 Qc5+ 26.Kh2 e4 27.Bxe4 Qe5+ 
28.g3 Rxg7 29.Rxg7 Kxg7 30.Re1 
Re8 0-1

[Event "HCL-C3982"]
[Site "www.playchess.de"]
[Date "2006.01.01"]
[Round "13"]
[White "Milosforman"]
[Black "IRONMAIDEN"]
[WhiteElo "1027"]
[BlackElo "1483"]
[PlyCount "66"]
[Result "0-1"]

1.d4 d5 {ciao}  2.Nf3 Nc6 3.e3 Bf5 4.Bd3 Bxd3 
5.Qxd3 Nf6 6.Bd2 e6 7.Ne5 Nxe5 8.Qb5+ Ned7 9.Qxb7 
Qb8 10.Qxb8+ Rxb8 11.f3 e5 12.dxe5 Nxe5 13.f4 Nc6 
14.O-O Bc5 15.a3 Rxb2 16.c3 O-O 17.h3 Na5 18.Bc1 
Rb6 19.Rf3 Nc4 20.a4 Re8 21.Na3 Bxa3 22.Bxa3 Nxa3 
23.Rxa3 Rb1+ 24.Kh2 Ne4 25.f5 f6 26.Rf4 Rc1 27.h4 
Rxc3 28.Rxc3 Nxc3 29.Rf3 Re4 30.Kg3 Rxa4 31.Rf4 
Rxf4 32.Kxf4 a5 33.g4 a4 0-1

[Event "HCL-C3955"]
[Site "www.playchess.de"]
[Date "2006.01.01"]
[Round "4"]
[White "Djusta"]
[Black "Kannsnich"]
[WhiteElo "1337"]
[BlackElo "801"]
[PlyCount "112"]
[Result "0-1"]

1.e4 c6 2.Nf3 d5 3.e5 Bg4 4.d4 e6 5.Nc3 Nd7 6.Be2 
Ne7 7.Bg5 Qc7 8.O-O a6 9.Bxe7 Bxe7 10.Qd3 c5 
11.Rfd1 cxd4 12.Qxd4 Bxf3 13.Bxf3 Nxe5 14.Be2 Bf6 
15.Qa4+ Nc6 16.Rd3 O-O 17.Rad1 Rac8 18.Rh3 Ne5 
19.Bd3 Nxd3 20.Rdxd3 Qc4 21.Qxc4 Rxc4 22.b3 Rc7 
23.Rdf3 Bxc3 24.Rfxc3 Rfc8 25.Rxc7 Rxc7 26.c3 g6 
27.Rd3 Kg7 28.f4 Kf6 29.Kf2 Kf5 30.Kf3 b5 31.g4+ 
Kf6 32.h4 Ke7 33.Re3 a5 34.f5 b4 35.cxb4 axb4 
36.fxg6 hxg6 37.Re2 Rc3+ 38.Kf4 Kf6 39.g5+ Ke7 
40.Rf2 Rh3 41.Kg4 Re3 42.Rf4 Re2 43.Rxb4 Rxa2 
44.Kg3 Ra7 45.Kg4 Kd6 46.h5 gxh5+ 47.Kxh5 Kc5 
48.Rb8 Kc6 49.Kh6 d4 50.Kg7 d3 51.Rc8+ Rc7 52.Rd8 
Rd7 53.Rc8+ Kd5 54.Rc1 d2 55.Rd1 Ke4 56.Kf6 
Ke3 0-1

[Event "HCL-M860"]
[Site "www.playchess.de"]
[Date "2006.01.01"]
[Round "4"]
[White "ragno"]
[Black "papuan"]
[WhiteElo "2312"]
[BlackElo "2312"]
[PlyCount "61"]
[Result "1/2-1/2"]

1.e4 c5 2.Nf3 d6 3.d4 cxd4 4.Nxd4 Nf6 5.Nc3 a6 
6.Be2 e5 7.Nb3 Be7 8.O-O O-O 9.Be3 Be6 10.Qd2 Nbd7 
11.a4 Rc8 12.a5 Qc7 13.Rfd1 Rfd8 14.Nc1 h6 15.Bf3 
b5 16.Nd3 d5 17.exd5 Bf5 18.Bb6 Nxb6 19.axb6 Qxb6 
20.Nxe5 Bb4 21.Qf4 Bxc3 22.Nc6 Bxc2 23.Ne7+ Kh8 
24.Nxc8 Rxc8 25.bxc3 Bxd1 26.Rxd1 Rxc3 27.d6 Rc8 
28.h4 Kg8 29.g4 Rc4 30.Qe5 Rc2 31.Qe1 {(offering 
draw)}  1/2-1/2

[Event "HCL-B3641"]
[Site "www.playchess.de"]
[Date "2006.01.01"]
[Round "24"]
[White "bossjos"]
[Black "ulibear"]
[WhiteElo "1341"]
[BlackElo "1267"]
[PlyCount "83"]
[Result "1-0"]

1.e4 c6 2.d4 d5 3.exd5 cxd5 4.c4 Nc6 5.Nf3 Bg4 
6.c5 e5 7.Be2 e4 8.Ne5 Bxe2 9.Qxe2 Nxe5 10.Nc3 
Nd3+ 11.Kf1 Nxc1 12.Rxc1 Nf6 13.b4 a6 14.h4 g6 
15.Na4 Bg7 16.Nb6 Rb8 17.b5 O-O 18.a4 Ne8 19.Qe3 
f5 20.Qb3 Nc7 21.Rh3 Bxd4 22.h5 g5 23.Qb4 Ne6 
24.Rg3 h6 25.Rc2 Rc8 26.Nxc8 Qxc8 27.c6 b6 28.Qd6 
Rd8 29.Qe7 Re8 30.Qd6 Nf4 31.Qxh6 Ne6 32.Qg6+ Bg7 
33.h6 Qc7 {it get#s more and more uncomfortable .. 
better should have prvented your queen from 
marauding in my camp! :-)}  34.hxg7 Qf7 35.Qxf7+ 
Kxf7 36.bxa6 f4 37.Rh3 Kxg7 38.c7 Rc8 39.Rhc3 Nc5 
40.R3xc5 bxc5 41.Rxc5 Kf7 42.a7 1-0

[Event "HCL-E1514"]
[Site "www.playchess.de"]
[Date "2006.01.01"]
[Round "6"]
[White "Josef"]
[Black "richard"]
[WhiteElo "1551"]
[BlackElo "1736"]
[PlyCount "53"]
[Result "1/2-1/2"]

1.d4 f5 2.Nc3 Nf6 3.Bg5 Ne4 4.Nxe4 fxe4 5.e3 c6 
6.Bf4 d5 7.Qh5+ Kd7 {whoops. I sure blew this one. 
Would you be upset if I resigned before the 10 
move cut off?}  8.Ne2 {no, it´s ok}  g6 9.Qg5 Bg7 
10.h4 e6 11.Qxd8+ Kxd8 12.Rc1 Nd7 13.c4 b6 14.cxd5 
cxd5 15.Nc3 a6 16.Na4 Ra7 17.Bg5+ Bf6 18.Bxf6+ 
Nxf6 19.Nxb6 Bb7 20.Be2 Nd7 21.Nxd7 Kxd7 22.Kd2 
Bc6 23.Rc5 Rb8 24.b3 Bb5 25.Rhc1 Bxe2 26.Kxe2 a5 
27.Rb1 {(offering draw)}  1/2-1/2

[Event "HCL-C4035"]
[Site "www.playchess.de"]
[Date "2006.01.01"]
[Round "2"]
[White "aussie"]
[Black "garden"]
[WhiteElo "1080"]
[BlackElo "1034"]
[PlyCount "56"]
[Result "0-1"]

1.e4 e5 2.Nf3 d6 3.b3 Bg4 4.h3 Be6 5.Bb2 Nf6 6.d3 
Be7 7.Be2 O-O 8.O-O Nc6 9.a3 Nh5 10.Nxe5 g6 
11.Nxc6 bxc6 12.Bxh5 gxh5 13.Qxh5 f6 14.f4 Bf7 
15.Qg4+ Kh8 16.f5 Rg8 17.Qf4 d5 18.e5 Rb8 19.e6 
Bd6 20.Qh6 Be7 21.Rf4 Rg5 22.exf7 Qd6 23.Rh4 Rg7 
24.Rg4 Rxf7 25.Nd2 Bf8 26.Qf4 Qc5+ 27.Qd4 Qxc2 
28.Rd1 Bc5 0-1

[Event "HCL-M870"]
[Site "www.playchess.de"]
[Date "2006.01.01"]
[Round "3"]
[White "chess50"]
[Black "Dailos"]
[WhiteElo "2458"]
[BlackElo "2127"]
[PlyCount "99"]
[Result "0-1"]

1.e4 c6 2.d4 d5 3.exd5 cxd5 4.c4 Nf6 5.Nc3 e6 
6.Nf3 Be7 7.Bf4 dxc4 8.Bxc4 O-O 9.O-O Nc6 10.Qd2 
b6 11.Rfe1 Bb7 12.Rac1 Rb8 13.Bxb8 Qxb8 {It´s a 
mistake with my mouse. It´s 12...Rc8.Well...}  
14.Qe2 Bd6 15.Ba6 Ba8 16.a3 Rd8 17.g3 h6 18.b4 Bf8 
19.Rcd1 Qc7 20.Nb5 Qe7 21.Rdc1 Nb8 22.Rc7 Rd7 
23.Rxd7 Qxd7 24.d5 Nxa6 25.dxe6 fxe6 26.Ne5 Qb7 
27.f3 Nc7 28.Nd4 b5 29.Qe3 Qb6 30.Ndc6 Qxe3+ 
31.Rxe3 a6 32.Kf2 Bd6 33.Re1 Kf8 34.Rd1 Ncd5 
35.Re1 Bc7 36.Kg2 Bb6 37.Kh3 Ne3 38.Nb8 Ke7 
39.Nxa6 Nh7 40.g4 Ng5+ 41.Kg3 Bd4 42.Ng6+ Kf6 
43.Nh4 Be5+ 44.Kf2 Nc4 45.Rxe5 Nxe5 46.a4 bxa4 
47.f4 Nd3+ 48.Ke3 a3 49.Kxd3 a2 
50.fxg5+ 0-1

[Event "HCL-B3674"]
[Site "www.playchess.de"]
[Date "2006.01.01"]
[Round "8"]
[White "bossjos"]
[Black "aussie"]
[WhiteElo "1248"]
[BlackElo "1054"]
[PlyCount "121"]
[Result "1-0"]

1.e4 c5 2.Nf3 d6 3.d4 cxd4 4.Qxd4 Nf6 5.e5 Ng4 
6.Bb5+ Nc6 7.exd6 Qa5+ 8.Nc3 exd6 9.Bd2 Qb6 
10.Qe4+ Nge5 11.Nxe5 dxe5 12.Qxe5+ Be6 13.O-O a6 
14.Ba4 Rd8 15.Be3 Ke7 16.Bxc6 Qxc6 17.Rad1 f6 
18.Qc5+ Qxc5 19.Bxc5+ Ke8 20.Bxf8 Rxf8 21.Rxd8+ 
Kxd8 22.Rd1+ Ke8 23.Ne4 Bxa2 24.Nd6+ Ke7 25.b3 f5 
26.Nxb7 Rc8 27.Rd2 Rc7 28.Na5 Bb1 29.Nc4 Kf6 
30.Na3 Re7 31.h3 Re1+ 32.Kh2 Ba2 33.Rd6+ Re6 
34.Rd1 Rb6 35.Ra1 Bxb3 36.cxb3 Rxb3 37.Nc4 Kg5 
38.Rxa6 g6 39.Ra7 h5 40.Ne3 Rb5 41.g3 Rb2 42.h4+ 
Kh6 43.Kg2 Rb5 44.Nc4 Rd5 45.Re7 f4 46.Ne5 fxg3 
47.Nf7+ Kg7 48.fxg3 Kf6 49.Ra7 Kg7 50.Ng5+ Kg8 
51.Kh3 Rd3 52.Ne4 Rf3 53.Ra6 Kg7 54.Ng5 Rf6 
55.Rxf6 Kxf6 56.Kg2 Kg7 57.Kf3 Kf6 58.Kf4 Kg7 
59.Ne4 Kh6 60.Nd6 Kg7 61.Kg5 1-0

[Event "ACL-A652"]
[Site "www.playchess.de"]
[Date "2006.01.01"]
[Round "4"]
[White "Vasudevan"]
[Black "kaajmmk"]
[WhiteElo "1500"]
[BlackElo "1500"]
[PlyCount "25"]
[Result "1-0"]

1.d4 c6 2.e4 Qa5+ 3.c3 d6 4.d5 Nf6 5.f3 c5 6.Bg5 
Bd7 7.b3 Bb5 8.b4 cxb4 9.cxb4 Qxb4+ 10.Nd2 h6 
11.Bh4 Na6 12.Rb1 Qa4 13.Bxb5+ 1-0

[Event "HCL-B3729"]
[Site "www.playchess.de"]
[Date "2006.01.01"]
[Round "1"]
[White "quant"]
[Black "PhilipKaveny"]
[WhiteElo "1456"]
[BlackElo "1348"]
[PlyCount "72"]
[Result "1-0"]

1.e4 {hi gl}  g6 2.d4 d6 {Hello}  3.c4 Bg7 4.Be3 
Nf6 5.f3 O-O 6.Bd3 e5 7.Ne2 exd4 8.Bxd4 c5 9.Bc3 
Nc6 10.Nd2 Ne5 11.Nf1 Nxd3+ 12.Qxd3 Be6 13.Ne3 Qc7 
14.Nd5 Bxd5 15.cxd5 a6 16.O-O b5 17.b3 c4 18.bxc4 
Qxc4 19.Qxc4 bxc4 20.Rac1 Rfc8 21.Nd4 Nh5 22.Nc6 
Rce8 23.Bxg7 Kxg7 24.Rxc4 Nf4 25.Rb1 f5 26.Rb7+ 
Kh6 27.exf5 Re1+ 28.Kf2 Nd3+ 29.Kg3 g5 30.h4 Rg8 
{I think I can force a draw}  31.hxg5+ {&#305; 
dont think so:)}  Rxg5+ {Your right I have a Win. 
You play very well   I am just kidding}  32.Rg4 
{:)}  Rxg4+ 33.Kxg4 Rc1 34.Re7 Nf2+ 35.Kg3 Nh1+ 
36.Kf4 Rb1 1-0

[Event "HCL-E1500"]
[Site "www.playchess.de"]
[Date "2006.01.01"]
[Round "15"]
[White "Roadkill"]
[Black "mpreuss"]
[WhiteElo "1858"]
[BlackElo "1975"]
[PlyCount "62"]
[Result "0-1"]

1.d4 {hi good luck}  e5 {hi and good luck !}  
2.dxe5 Nc6 3.Nf3 Qe7 4.Nc3 Nxe5 5.e4 c6 6.Be2 d6 
7.Nd4 g5 8.Be3 h6 9.Qd2 Nf6 10.h3 Bg7 11.O-O-O b5 
12.f3 Bd7 13.Nb3 Bf8 14.h4 g4 15.h5 a5 16.Bf4 a4 
17.Nd4 b4 18.Nb1 Rb8 19.Nf5 Bxf5 20.exf5 Nd5 
21.fxg4 Bg7 22.Rhe1 a3 23.bxa3 bxa3 24.Nc3 Nxf4 
25.Qxf4 d5 26.Bb5 O-O 27.Re3 Bf6 28.Rxd5 Rxb5 
29.Rxb5 cxb5 30.Nd5 Nd3+ 31.cxd3 
Qc5+ 0-1

[Event "HCL-E1500"]
[Site "www.playchess.de"]
[Date "2006.01.01"]
[Round "16"]
[White "mpreuss"]
[Black "Roadkill"]
[WhiteElo "1975"]
[BlackElo "1858"]
[PlyCount "77"]
[Result "1-0"]

1.f4 {hi and good luck !}  d5 {hi, good luck}  
2.Nf3 Nf6 3.e3 Bf5 4.b3 h6 5.Bb2 e6 6.Bb5+ c6 
7.Be2 Nbd7 8.O-O Bd6 9.d3 O-O 10.Nd4 Bh7 11.c4 Re8 
12.Nc3 Qe7 13.Nc2 dxc4 14.bxc4 e5 15.f5 Nc5 16.e4 
Rad8 17.Ne3 Bc7 18.Qc2 Bb6 19.Rf3 Qd6 20.Rd1 Ncd7 
21.Rb1 Bd4 22.Kh1 a6 23.Rh3 b5 24.g4 bxc4 25.Nxc4 
Qc7 26.Rg3 Nb6 27.g5 hxg5 28.Nd2 Qe7 29.Nf3 g4 
30.Ng5 Nbd7 31.Bxg4 Nxg4 32.Rxg4 Rdb8 33.Qg2 Nf6 
34.Rh4 Bxc3 35.Qh3 Nxe4 36.dxe4 Qxg5 37.Rxh7 g6 
38.fxg6 fxg6 39.Rf1 1-0

[Event "HCL-C4047"]
[Site "www.playchess.de"]
[Date "2006.01.01"]
[Round "19"]
[White "IRONMAIDEN"]
[Black "tusnelda"]
[WhiteElo "1405"]
[BlackElo "1187"]
[PlyCount "89"]
[Result "1-0"]

1.e4 {Grüße Dich!}  e5 {Ein frohes Fest}  2.Nc3 
{ebenso}  Nc6 3.Bb5 Bc5 4.Bxc6 dxc6 5.Nf3 Bg4 6.h3 
Bh5 7.g4 Bg6 8.Nxe5 Qf6 9.Nf3 O-O-O 10.Qe2 h6 
11.d3 Bh7 12.Be3 Bb6 13.Bxb6 cxb6 14.O-O-O Kb8 
15.Nh2 g5 16.Nf1 Ne7 17.Kb1 Ng6 18.Qd2 Ne5 19.Qe2 
Rd4 20.Ne3 Rb4 21.Nf5 Nxg4 22.hxg4 Qxc3 23.b3 Bxf5 
24.exf5 Rxg4 25.f3 Rf4 26.d4 Rxf5 27.Rd3 Qb4 
28.Rhd1 Qd6 29.Re3 b5 30.c3 h5 31.Re8+ Rxe8 
32.Qxe8+ Kc7 33.Re1 Rxf3 34.Re7+ Kb6 35.Rd7 Rf1+ 
36.Kb2 Rf2+ 37.Kb1 Qa3 38.Rxb7+ Kxb7 39.Qd7+ Ka6 
40.Qxc6+ Ka5 41.b4+ {unsere beiden Partien haben 
es in sich. I like it!}  Qxb4+ {Ja, Ka6 - ein 
furchtbarer Fehler}  42.cxb4+ Kxb4 43.Qc5+ Ka5 
44.Qc3+ Kb6 45.d5 1-0

[Event "HCL-C4061"]
[Site "www.playchess.de"]
[Date "2006.01.01"]
[Round "7"]
[White "IRONMAIDEN"]
[Black "Mongol"]
[WhiteElo "1393"]
[BlackElo "1229"]
[PlyCount "42"]
[Result "0-1"]

1.e4 {hi!}  e5 {Hi!}  2.Nf3 Nc6 3.Bb5 Bc5 4.Bxc6 
bxc6 5.d3 d5 6.exd5 cxd5 7.Nxe5 Qh4 8.O-O Nf6 
9.Nf3 Qh5 10.Re1+ Be6 11.d4 Bd6 12.Qd2 Ne4 13.Qe3 
Bg4 14.Nbd2 O-O 15.h3 Bxh3 16.g3 Rfe8 17.b3 Nxg3 
18.fxg3 Rxe3 19.Rxe3 Bxg3 20.Bb2 Bf4 21.Rae1 
Qg4+ 0-1

[Event "HCL-A2512"]
[Site "www.playchess.de"]
[Date "2006.01.01"]
[Round "5"]
[White "tuGGy"]
[Black "pawnstorm"]
[WhiteElo "1534"]
[BlackElo "1502"]
[PlyCount "78"]
[Result "1/2-1/2"]

1.g4 d5 2.Bg2 c6 3.h3 f5 4.gxf5 Bxf5 5.Nf3 Nf6 
6.d4 Nbd7 7.Ne5 e6 8.O-O Bd6 9.Bf4 O-O 10.Nd2 Ne4 
11.Nxe4 Bxe4 12.Bg3 Bxg2 13.Kxg2 Nxe5 14.dxe5 Be7 
15.e3 Qc7 16.h4 Rf5 17.f4 Qb6 18.Qd3 Qd8 19.Rfh1 
Rh5 20.Qe2 g6 21.Kf3 Kh8 22.Rag1 Bxh4 23.c3 Qe7 
24.Qf2 Bxg3 25.Qxg3 Rxh1 26.Rxh1 Qf7 27.a4 Qf5 
28.Qh4 Qf7 29.b4 a6 30.Qg5 Rf8 31.a5 Qf5 32.Qxf5 
gxf5 33.Rh6 Re8 34.Rf6 Re7 35.Ke2 Kg7 36.Kf3 Re8 
37.Kg3 Re7 38.Kh4 Re8 39.Kh5 Re7 {(offering draw)} 
 1/2-1/2

[Event "HCL-T253"]
[Site "www.playchess.de"]
[Date "2006.01.01"]
[Round "9"]
[White "sparpaket"]
[Black "hal1958"]
[WhiteElo "1535"]
[BlackElo "1538"]
[PlyCount "72"]
[Result "0-1"]

1.e4 c6 2.d4 d5 3.e5 Bf5 4.Be3 e6 5.Nd2 Bb4 6.c3 
Ba5 7.Nb3 Bc7 8.f4 Ne7 9.Nf3 h6 10.Be2 O-O 11.O-O 
b6 12.Nh4 Bh7 13.g4 Nd7 14.Qe1 a5 15.f5 exf5 
16.gxf5 a4 17.Nd2 c5 18.Bg4 cxd4 19.cxd4 Nc6 
20.Qg3 b5 21.Ndf3 f6 22.Rac1 Ra6 23.Qe1 fxe5 
24.dxe5 Ndxe5 25.Nxe5 Bxe5 26.Bc5 Re8 27.Qf2 Qf6 
28.Rcd1 Rd8 29.Be2 Ne7 30.Bxb5 Raa8 31.Bd3 Rd7 
32.Qg2 Qxh4 33.f6 Bxf6 34.Bb5 Rc7 35.Bd6 Bd4+ 
36.Rxd4 Qxd4+ 0-1

[Event "HCL-A2516"]
[Site "www.playchess.de"]
[Date "2006.01.01"]
[Round "12"]
[White "Wernswig"]
[Black "ippuli"]
[WhiteElo "1501"]
[BlackElo "1495"]
[PlyCount "116"]
[Result "0-1"]

1.e4 {hello, good luck}  e5 {Hi! To you, too....}  
2.f4 exf4 3.Nf3 Nc6 4.d4 d5 5.e5 Bg4 6.Be2 Bxf3 
7.Bxf3 Qh4+ 8.Ke2 O-O-O 9.Qd3 Nge7 10.Nc3 Nb4 
11.Qd1 Nf5 12.a3 Nxc2 13.Rb1 Ncxd4+ 14.Kd3 Nxf3 
15.Qxf3 g5 16.g3 Qh3 17.Bd2 fxg3 18.Bxg5 Rd7 
19.hxg3 Qxg3 20.Qxg3 Nxg3 21.Rh3 Ne4 22.Nxe4 dxe4+ 
23.Kxe4 Bg7 24.Rc3 Re8 25.Bf4 Rde7 26.Rd1 Bxe5 
27.Bxe5 R7xe5+ 28.Kf4 R5e2 29.b3 R2e4+ 30.Kf3 f5 
31.Rd5 f4 32.Rcd3 c6 33.R5d7 h5 34.b4 Rc4 35.Rh7 
Re5 36.Rdd7 Re3+ 37.Kf2 Rc2+ 38.Kf1 Rxa3 39.Rdc7+ 
Kb8 40.Rcxb7+ Ka8 41.Rbe7 Ra1+ 42.Re1 Rxe1+ 
43.Kxe1 Rc4 44.Rxh5 Rxb4 45.Rf5 Kb7 46.Kd2 Kb6 
47.Kc3 a5 48.Rf8 c5 49.Rb8+ Kc6 50.Rc8+ Kb5 
51.Rb8+ Ka4 52.Rc8 c4 53.Rf8 f3 54.Kd4 Ka3 
55.Rxf3+ Rb3 56.Rc3 Rxc3 57.Kxc3 a4 58.Kxc4 
Kb2 0-1

[Event "ACL-A641"]
[Site "www.playchess.de"]
[Date "2006.01.01"]
[Round "4"]
[White "chess50"]
[Black "wurmt"]
[WhiteElo "1500"]
[BlackElo "1412"]
[PlyCount "61"]
[Result "1-0"]

1.e4 e5 {Good luck.}  2.Nf3 Nc6 3.Bb5 a6 4.Ba4 Nf6 
5.O-O Be7 6.c3 b5 7.Bc2 O-O 8.d4 d6 9.d5 Nb8 10.a4 
Bb7 11.axb5 axb5 12.Rxa8 Bxa8 13.Na3 Qd7 14.Bg5 c6 
15.dxc6 Bxc6 16.Qe2 Na6 17.Rd1 Rd8 18.Nxe5 Qb7 
19.Nxc6 Qxc6 20.Nxb5 Nc5 21.f3 Rb8 22.c4 Rd8 
23.Be3 Nfd7 24.Nd4 Qb7 25.b4 Na6 26.Nf5 Bf8 27.b5 
Nb4 28.Bb1 Ne5 29.f4 Ng6 30.Qd2 Nc6 
31.bxc6 1-0

[Event "HCL-E1503"]
[Site "www.playchess.de"]
[Date "2006.01.01"]
[Round "1"]
[White "Fantaw"]
[Black "tomy"]
[WhiteElo "1582"]
[BlackElo "1543"]
[PlyCount "51"]
[Result "1-0"]

1.e4 e5 2.f4 exf4 3.Nf3 Ne7 4.c4 Ng6 5.d4 Bb4+ 
6.Nc3 d6 7.Bd2 Bg4 8.Qe2 Nc6 9.Qf2 f5 10.Be2 Bxc3 
11.Bxc3 fxe4 12.Ng1 e3 13.Qf1 Qh4+ 14.g3 fxg3 
15.O-O-O O-O-O 16.Bxg4+ Qxg4 17.Qg2 Rhf8 18.Qxg3 
Qxg3 19.hxg3 h6 20.Ne2 Rf2 21.d5 Rxe2 22.dxc6 Ne5 
23.cxb7+ Kxb7 24.Bxe5 Rf8 25.Bxg7 Rff2 
26.Rhe1 1-0

[Event "HCL-C4030"]
[Site "www.playchess.de"]
[Date "2006.01.01"]
[Round "15"]
[White "pera"]
[Black "sigma40"]
[WhiteElo "940"]
[BlackElo "1144"]
[PlyCount "58"]
[Result "0-1"]

1.e4 e5 {hello}  2.Nf3 {hi and good luck for the 
game}  Nc6 {thank you and to you}  3.Bb5 Nf6 
4.Bxc6 dxc6 5.Nc3 Bg4 6.d3 Bb4 7.Bd2 O-O 8.a3 Bd6 
9.O-O b5 10.h3 Bh5 11.Bg5 a6 12.g4 Bg6 13.h4 h6 
14.Be3 Nxg4 15.Ng5 Nxe3 16.fxe3 hxg5 17.h5 Bh7 
18.h6 gxh6 19.Qh5 Kg7 20.d4 b4 21.dxe5 Bxe5 
22.axb4 Bxc3 23.bxc3 Bxe4 24.Qe2 Qc8 25.Qd2 Rd8 
26.Qf2 Qg4+ 27.Kh2 Rdf8 28.Rad1 Qh5+ 29.Kg1 
Qh1+ 0-1

[Event "HCL-C3912"]
[Site "www.playchess.de"]
[Date "2006.01.01"]
[Round "1"]
[White "Grunert"]
[Black "CallDutte"]
[WhiteElo "1004"]
[BlackElo "1200"]
[PlyCount "76"]
[Result "1/2-1/2"]

1.d4 d5 2.e3 e6 3.Nf3 Nf6 4.g3 c5 5.dxc5 Bxc5 
6.Bg2 O-O 7.O-O Nc6 8.Nc3 h6 9.b3 Bb4 10.Bb2 Bxc3 
11.Bxc3 Ne4 12.Qd3 Nxc3 13.Qxc3 a5 14.a4 Nb4 
15.Nd4 Bd7 16.e4 e5 17.Ne2 d4 18.Qb2 Rc8 19.c3 
dxc3 20.Nxc3 Qc7 21.Nb5 Bxb5 22.axb5 b6 23.Bh3 
Rcd8 24.Rfd1 Rxd1+ 25.Rxd1 f6 26.Bf5 Rd8 27.Rxd8+ 
Qxd8 28.Kg2 Nd3 29.Qc3 Nc5 30.Qc4+ Kf8 31.Bg6 Qe7 
32.Qd5 Nb7 33.Qc6 Kg8 34.Qxb6 Kh8 35.Qa7 Qc7 
36.Qa8+ Nd8 37.Qa6 Nf7 38.Qa8+ Nd8 {(offering 
draw)}  1/2-1/2

[Event "HCL-C3985"]
[Site "www.playchess.de"]
[Date "2006.01.01"]
[Round "28"]
[White "Grunert"]
[Black "valpa"]
[WhiteElo "929"]
[BlackElo "1082"]
[PlyCount "37"]
[Result "1/2-1/2"]

1.d4 d5 2.e3 Nc6 3.Nf3 e6 4.g3 Nf6 5.Bg2 Be7 6.O-O 
O-O 7.Nc3 Re8 8.Bd2 Bd7 9.a3 a6 10.b4 b5 11.h3 Qc8 
12.a4 Nxb4 13.axb5 axb5 14.Rb1 Nc6 15.Nxb5 Rb8 
16.Nc3 Rxb1 17.Qxb1 Qb8 18.Qxb8 Rxb8 19.Ne5 
{(offering draw)}  1/2-1/2

[Event "HCL-B3718"]
[Site "www.playchess.de"]
[Date "2006.01.01"]
[Round "23"]
[White "Grunert"]
[Black "valpa"]
[WhiteElo "939"]
[BlackElo "1084"]
[PlyCount "55"]
[Result "1/2-1/2"]

1.e4 d5 {Willkommen zum neuen Spiel und Gruss aus 
der Schweiz}  2.exd5 {Gruss in die Schweiz!}  Qxd5 
3.Nc3 Qa5 4.d3 c6 5.Bd2 e6 6.Nf3 Nf6 7.Ne4 Qd8 
8.Be2 Be7 9.a3 O-O 10.O-O Nxe4 11.dxe4 Nd7 12.h3 
Nb6 13.Bd3 Bd7 14.Qe1 Qc7 15.Ba5 Qf4 16.Bxb6 axb6 
17.Rd1 Qc7 18.Qe3 Bc5 19.Qe2 Rfd8 20.Rfe1 Be8 
21.b4 Be7 22.Rda1 c5 23.bxc5 bxc5 24.Reb1 c4 
25.Bxc4 Rxa3 26.Rxa3 Bxa3 27.Nd2 Be7 28.f3 
{(offering draw)}  1/2-1/2

[Event "HCL-C4060"]
[Site "www.playchess.de"]
[Date "2006.01.01"]
[Round "10"]
[White "tusnelda"]
[Black "IRONMAIDEN"]
[WhiteElo "1187"]
[BlackElo "1406"]
[PlyCount "98"]
[Result "1/2-1/2"]

1.e4 e5 2.Nf3 f6 3.Bc4 Bc5 4.d3 d6 5.Nc3 Ne7 6.O-O 
Nbc6 7.a3 Bg4 8.b4 Bb6 9.Nd5 Nd4 10.c3 Nxf3+ 
11.gxf3 Bh5 12.Nxb6 axb6 13.d4 Qd7 14.Qd3 O-O-O 
15.Bb2 Qh3 16.f4 Bf3 17.Be6+ Qxe6 {das war knapp}  
18.Qxf3 exf4 19.Qxf4 f5 20.f3 g5 21.Qe3 fxe4 
22.Qxe4 Qxe4 23.fxe4 Rhf8 24.Rfe1 Rf3 25.c4 Ng6 
26.d5 Re8 27.Bd4 h6 28.b5 Ref8 29.Ra2 Ne5 30.Bxe5 
dxe5 31.a4 Rc3 32.a5 Kd7 33.a6 bxa6 34.bxa6 Rxc4 
35.a7 Ra8 36.Kg2 Kc8 37.Rd1 Kb7 38.d6 cxd6 39.Rxd6 
h5 40.Re6 Rxe4 41.Re7+ Kc6 42.Rc2+ Kb5 43.Rcc7 Ka6 
44.Rcb7 Rg4+ 45.Kf3 Rf4+ 46.Ke3 Rff8 47.Ke4 Rfe8 
48.Reg7 g4 49.Rbc7 Re6 {(offering draw) das wird 
nix mehr, glaube ich, für beide.} 
 1/2-1/2

[Event "HCL-C4001"]
[Site "www.playchess.de"]
[Date "2006.01.01"]
[Round "12"]
[White "Kelthek"]
[Black "pauerchess"]
[WhiteElo "622"]
[BlackElo "1401"]
[PlyCount "94"]
[Result "0-1"]

1.Nf3 d5 2.c4 e6 3.Ne5 Nf6 4.g3 Bd6 5.Nxf7 Kxf7 
6.Bg2 c6 7.O-O Re8 8.d3 Kg8 9.Bg5 Be7 10.Nc3 Nfd7 
11.Be3 Nf6 12.Bd4 Nbd7 13.Qb1 Bc5 14.b4 Bxd4 
{hummmmm.-?}  15.Na4 {hmmmm...guess I fell asleep 
there...}  Bxa1 16.Qxa1 Nb6 {yer, but it just a 
game.-)}  17.Nc5 dxc4 18.dxc4 Nxc4 19.Rd1 Qe7 
20.Rd4 Nb6 21.Ne4 Nbd5 22.Bf3 e5 23.Rc4 Nxb4 
24.Nxf6+ gxf6 25.Rg4+ Kh8 26.a3 Nc2 27.Qd1 Nxa3 
28.Qb3 Bxg4 29.Bxg4 Nb5 30.Qd3 Rad8 31.Qf5 Nd6 
32.Qd3 Qg7 33.Bf3 e4 34.Qe3 exf3 35.Qxf3 Qg6 
36.Qb3 Rxe2 37.Qf3 Re1+ 38.Kg2 Qe4 39.Qxe4 Nxe4 
40.h4 Rd2 41.Kf3 Nxf2 42.g4 Re4 43.g5 fxg5 44.hxg5 
Re6 45.Kf4 c5 46.Kf5 Rg6 47.Ke5 
a5 0-1